000 00592nam a2200229Ia 4500
003 OSt
005 20220912153133.0
006 a|||||r|||| 00| 0
007 ta
008 220909b |||||||| |||| 00| 0 eng d
024 _a19207
037 _cTextual
040 _aCSL
_beng
_cCSL
041 _aeng
082 _aY:f, L8
100 _aWalizer Michael H
245 0 _aResearch methods and analysis:searching for relationships
300 _ap.
_ccm.
700 _a Wienir Paul L
942 _hY:f, L8
_cTEXL
_2CC
999 _c98728
_d98728